The CDM regulations 2007 explained (Record no. 107469)

MARC details
000 -LEADER
fixed length control field 01710cam a22002775a 4500
001 - CONTROL NUMBER
control field L140280
008 - FIXED-LENGTH DATA ELEMENTS--GENERAL INFORMATION
fixed length control field 070914s2007 xxk f 001 0 eng d
020 ## - INTERNATIONAL STANDARD BOOK NUMBER
International Standard Book Number 9780727738721
035 ## - SYSTEM CONTROL NUMBER
System control number (Sirsi) u140280
041 0# - LANGUAGE CODE
Language code of text/sound track or separate title eng
050 04 - LIBRARY OF CONGRESS CALL NUMBER
Classification number 690.22 $2 18
100 1# - MAIN ENTRY--PERSONAL NAME
Personal name Joyce, Raymond
245 04 - TITLE STATEMENT
Title The CDM regulations 2007 explained
Medium [electronic resource]
260 ## - PUBLICATION, DISTRIBUTION, ETC.
Place of publication, distribution, etc. London
Name of publisher, distributor, etc. Thomas Telford Publishing
Date of publication, distribution, etc. 2007
300 ## - PHYSICAL DESCRIPTION
Extent eBook
350 ## - PRICE (NR) (BK AM CF MU VM SE) [OBSOLETE]
Price 50
505 2# - FORMATTED CONTENTS NOTE
Formatted contents note Introduction -- Framework of health and safety law -- An overview of the Regulations -- General principles -- Considerations for the welfare of workers -- Consideration for hazardous operations -- Competence -- The designer -- The CDM co-ordinator -- The contractor -- The construction phase plan -- The health and safety file -- Contract documentation -- Criminal and civil liability and enforcement -- Transitional provisions
520 ## - SUMMARY, ETC.
Summary, etc. Provides guidance to parties involved in construction projects. Focuses on obligations relating to the Construction (Design and Management) Regulations 2007 and relates these to various areas of law. Incorporates the provisions for health, safety and welfare on construction sites. Addresses the topics of general principles and competence; consequences of breaches of the regulations; and the transition arrangements that apply up to April 2008.
590 ## - LOCAL NOTE (RLIN)
Local note KA
650 24 - SUBJECT ADDED ENTRY--TOPICAL TERM
Topical term or geographic name entry element CONSTRUCTION (DESIGN AND MANAGEMENT) REGULATIONS 2007
651 #4 - SUBJECT ADDED ENTRY--GEOGRAPHIC NAME
Geographic name United Kingdom
Chronological subdivision
690 ## - LOCAL SUBJECT ADDED ENTRY--TOPICAL TERM (OCLC, RLIN)
Topical term or geographic name as entry element BUILT ENVIRONMENT-CONSTRUCTION MANAGEMENT-CONSTRUCTION DESIGN AND MANAGEMENT
856 48 - ELECTRONIC LOCATION AND ACCESS
Uniform Resource Identifier <a href="https://www.vlebooks.com/">https://www.vlebooks.com/</a>
Public note View on VLEbooks. Logins for members only from [email protected]
942 ## - ADDED ENTRY ELEMENTS (KOHA)
Suppress in OPAC 0
Holdings
Withdrawn status Lost status Damaged status Not for loan Home library Current library Shelving location Date acquired Cost, normal purchase price Total Checkouts Full call number Barcode Date last seen Date last checked out Copy number Cost, replacement price Price effective from Koha item type Source of classification or shelving scheme
  Missing from bundle     London London Books 23/11/2007 50.00 15 690.22 RAY 30074339 06/08/2019 08/10/2009 2 50.00 06/08/2019 Book  
        Virtual Virtual Online 17/05/2011     EBOOK 140280-4001 06/08/2019   1   06/08/2019 Book Dewey Decimal Classification